LEADER 00954nam a2200241 i 4500 001 000000101355 003 CaOOAMICUS 005 20180830171919.0 008 180830s1980 xx u000 u und u 013 $a73507 040 $aSeMil$bita 100 1 $aHeller, Agnes,$d<1929-2019>.$0(OLS)http://semarc/name/26279 245 10$aPer cambiare la vita. 260 $aRoma :$bEditori Riuniti,$c1980. 300 $a237 p. 600 14$aLukács, György <1885-1971>.$0(OLS)http://semarc/subject/18013 650 4$aFilosofia marxista.$0(OLS)http://semarc/subject/3223 650 4$aSocialismo.$0(OLS)http://semarc/subject/865 700 1 $aAdornato, Ferdinando,$d<1954- >.$0(OLS)http://semarc/name/43622 850 $aSeMil 852 $aSeMil$W1$xVenegono$y1$m46 13 19 *$j58200$B58200$CSeMilBibl$Z2$F68866 $81 996 $6245$aPer cambiare la vita$9(OLS)http://semarc/title/148285 996 $6260$aRoma :$bEditori Riuniti$9(OLS)http://semarc/publisher/30240 LEADER 01141nam a2200253 i 4500 001 000000104944 003 CaOOAMICUS 005 20230918142551.0 008 040517s2001 it u000 u ita u 013 $a77133 040 $aSeMil$bita 245 10$aSan Salvatore, Santa Giulia a Brescia :$bil monastero nella storia /$ca cura di Renata Stradiotti. 260 $aMilano :$bSkira,$c2001. 300 $a415 p. :$briccamente ill. ;$c33 cm. 500 $aContiene : Appendice. - A pič del front. : Banco di Brescia, Gruppo Banca Lombarda. 650 4$aBrescia - Monastero di San Salvatore.$0(OLS)http://semarc/subject/54410 650 4$aBrescia - Monastero di Santa Giulia.$0(OLS)http://semarc/subject/9868 700 1 $aStradiotti, Renata.$0(OLS)http://semarc/name/44301 850 $aSeMil 852 $aSeMil$W1$xVenegono$y1$m5N XI 24$j61240$B61240$CSeMilBibl$Z2$F71935 $8I 961 $aOmaggio: Ferrario mons. Emilio 996 $6245$aSan Salvatore, Santa Giulia a Brescia :$bil monastero nella storia$9(OLS)http://semarc/title/152014 996 $6260$aMilano :$bSkira$9(OLS)http://semarc/publisher/32219